LIBRARY & INFORMATION CENTRE, KCAET, TAVANUR

ONLINE PUBLIC ACCESS CATALOGUE (OPAC)

Development of a tensio - emitter. A tension controlled emitter (Record no. 15185)

MARC details
000 -LEADER
fixed length control field 00656nam a22001937a 4500
003 - CONTROL NUMBER IDENTIFIER
control field OSt
088 ## - REPORT NUMBER
Report number P 173
100 ## - MAIN ENTRY--AUTHOR NAME
Personal name ANU SUBRAMANIAN K
245 ## - TITLE STATEMENT
Title Development of a tensio - emitter. A tension controlled emitter
260 ## - PUBLICATION, DISTRIBUTION, ETC. (IMPRINT)
Place of publication Tavanur 2007
Name of publisher Kelappaji College of Agricultural Engineering and Technology
300 ## - PHYSICAL DESCRIPTION
Number of Pages 37
500 ## - GENERAL NOTE
General note Development of a tensio - emitter. A tension controlled emitter
520 ## - SUMMARY, ETC.
Summary, etc Development of a tensio - emitter. A tension controlled emitter
700 ## - ADDED ENTRY--PERSONAL NAME
Personal name Della Thomas
700 ## - ADDED ENTRY--PERSONAL NAME
Personal name Sameera Abdul Salam
700 ## - ADDED ENTRY--PERSONAL NAME
Personal name Er. Vishnu B (Guide)
942 ## - ADDED ENTRY ELEMENTS (KOHA)
Koha item type Project Report
Holdings
Collection code Home library Current library Shelving location Full call number Accession Number Koha item type
Reference KAUAET KAUAET Reference 631.75807 ANU/DE P 173 Project Report
free website counter